[Event "Kolhapur Kulkarni Memorial"]
[Site "Kolhapur"]
[Date "2021.12.05"]
[Round "2"]
[White "Bhosale, Shriraj"]
[Black "Bakhare, Atharva"]
[Result "1-0"]
[WhiteElo "1872"]
[BlackElo "1278"]
[PlyCount "83"]
[EventDate "2021.12.04"]
[EventType "swiss"]
[EventRounds "10"]
[EventCountry "IND"]
[SourceTitle "EXT 2023"]
[Source "ChessBase"]
[SourceDate "2022.10.05"]
[SourceVersion "1"]
[SourceVersionDate "2022.10.05"]
[SourceQuality "1"]

1. d4 Nf6 2. Bf4 g6 3. e3 Bg7 4. c4 c6 5. Nc3 d5 6. Nf3 0-0 7. Qb3 Qb6 8. Qxb6 axb6 9. cxd5 cxd5 10. Bc7 Nbd7 11. Bb5 Ne8 12. Nxd5 e6 13. Ne7+ Kh8 14. Bg3 Nef6 15. Rc1 Re8 16. Nxc8 Rexc8 17. Rxc8+ Rxc8 18. Kd1 Kg8 19. Re1 Nb8 20. Ne5 Nc6 21. Nc4 Nd5 22. Nd6 Ra8 23. Nxb7 Ncb4 24. a3 Na2 25. Bc4 Nac3+ 26. bxc3 Nxc3+ 27. Kc2 Rxa3 28. Bd6 Ra7 29. Kxc3 Rxb7 30. Ra1 h5 31. Ra8+ Kh7 32. Rb8 Rxb8 33. Bxb8 Bf8 34. Bc7 Kg7 35. Bxb6 Bd6 36. h3 g5 37. Bc5 Bb8 38. Be7 g4 39. hxg4 hxg4 40. e4 Bc7 41. d5 exd5 42. exd5 1-0